W szafie na Literę K - Statystyki

Ogólne statystyki
  • Ten quiz został rozwiązany 392 razy
  • Średni wynik to 5 z 15
Statystyki odpowiedzi
Odpowiedzi % Poprawnych
Koszula
78%
Kurtka
77%
Krawat
63%
Kamizelka
48%
Kapelusz
41%
Kalesony
32%
Kalosze
32%
Koc
29%
Kombinezon
25%
Kołdra
19%
Klocki
16%
Karton
15%
Korzuch
13%
Kochanek | Kochanka
10%
Kosmetyki
10%
Nie znaleziono quizów pasujących do podanych kryteriów
Rozkład punktacji
Procent ludzi z każdym wynikiem
Percentyl według liczby udzielonych odpowiedzi
Twoja historia wyników
Nie rozwiązałeś tego quizu